000 01211nam a22003377a 4500
003 CHAP
005 20220329135521.0
008 971013s1959 r 00010 d
010 _a37899
011 _a38871
035 _a42991
040 _cCHAP
082 _a972
_bM5
100 0 0 _aMillares Carlos, Agustín.
_975732
245 _aRepertorio bibliográfico de los archivos mexicanos y de los europeos y norteamericanos de interés para la historia de México
260 _aMéxico, D.F. :
_bBiblioteca Nacional,
_c1959
300 _a366 p
490 _aInstituto Bibliográfico Mexicano. Publicación
_v; 1
590 _aBATCH-UPD
_b10
_c20130109
_lUCH01
_h2332
590 _aBATCH-UPD
_b10
_c20130110
_lUCH01
_h0902
590 _aBATCH-UPD
_b10
_c20130409
_lUCH01
_h1858
590 _aBATCH-UPD
_b10
_c20130410
_lUCH01
_h0530
590 _aBATCH-UPD
_b10
_c20130914
_lUCH01
_h1819
590 _aCONVERSION
_b10
_c20130109
_lUCH01
_h1321
650 1 4 _aArchivos
_xBibliografia.
_96807
650 1 4 _aMéxico
_xHistoria
_xBibliografía.
_976753
830 0 _aInstituto Bibliográfico Mexicano. Publicación
_v; 1
_959069
901 _aBK
942 _cLIBRO
949 _a972 M5
_bBC
_cBPA
_d-98794
_eBPA
_h23117
_i42991
_si
999 _c37899
_d37899